00569nam a2200169Ia 4500003000900000008004100009020001800050040001600068080002000084245012900104260004200233300001500275650001400290650004100304650002500345700002900370IN-BaIIA211028s9999 xx 000 0 eng d a90-277-2321-4 cIIA Library a063:52bIAU-19B 0aProceedings of the nineteenth general assembly, Delhi, 1985cedited by Jean-Pierre Swings  aDordrechtbD. Reidel Publishingc1986 axiv, 654p. aAstronomy aAstronomy and Astrophysics Thesaurus aIAU General Assembly aSwings, Jean-Pierre, ed.